000 00418nam a2200169Ia 4500
008 221030s9999 xx 000 0 und d
020 _a8178087391
041 _aEnglish
082 _a105.23
_bTan
100 _aA. S. Tanenbaum
245 0 _aOperating Systems : Design & Implementation
260 _bPearson Education
_aDelhi
_c2002
300 _a939
650 _aComputers
700 _aA. S. Woodhull
942 _cBK
999 _c304
_d304